000 00822nam a2200289 a 4500
003 AR-BaBNM
005 20251128203601.0
008 082120s2002 ||||||||||||||000 | spa||
040 _cAR-BaBNM
100 1 _aMuschg, Walter
245 0 0 _aHistoria trágica de la literatura
250 _a1ª ed.
260 _aMéxico, D.F.
_bFondo de Cultura Económica
_c1977
300 _a717 p.
490 0 _aSección de lengua y estudios literarios
500 _aContiene índice de nombres y de obras anónimas en p. 701
650 4 _aESCRITORES
650 4 _aCRITICA LITERARIA
650 4 _aANALISIS LITERARIO
650 4 _aESTETICA
650 4 _aESTUDIOS CULTURALES
650 4 _aHISTORIA LITERARIA
655 _aLITERATURA
700 1 _aGutiérrez Heras, Joaquín
_etraductor
942 _cBK
998 _cMARTIN
999 _c4007
_d4007